Old carnations and pinks (Record no. 7232)

MARC details
000 -CABECERA
campo de control de longitud fija 00828nam a2200253 a 4500
001 - NÚMERO DE CONTROL
campo de control BRCA_7558
005 - FECHA Y HORA DE LA ÚLTIMA TRANSACCIÓN
campo de control 20190320205904.0
008 - DATOS DE LONGITUD FIJA--INFORMACIÓN GENERAL
campo de control de longitud fija 060613s1955----enka######---#000-0#eng-#
041 ## - CÓDIGO DE LENGUA
Código de lengua del texto/banda sonora o título independiente eng
044 ## - CÓDIGO DEL PAÍS DE LA ENTIDAD EDITORA/PRODUCTORA
Código MARC del país enk
050 #4 - SIGNATURA TOPOGRÁFICA DE LA BIBLIOTECA DEL CONGRESO
Número de clasificación SB413
Número de documento/Ítem .M67 1955
100 1# - ENTRADA PRINCIPAL--NOMBRE DE PERSONA
Nombre de persona Moreton, Oscar C.
9 (RLIN) 18644
245 10 - MENCIÓN DE TÍTULO
Título Old carnations and pinks
Mención de responsabilidad, etc. by C. Oscar Moreton ; with an introduction by Sacheverell Siwell and eight colour plates by Rory McEwen.
260 ## - PUBLICACIÓN, DISTRIBUCIÓN, ETC.
Lugar de publicación, distribución, etc. Gran Bretaña
Nombre del editor, distribuidor, etc. G. Rainbird
Fecha de publicación, distribución, etc. 1955
300 ## - DESCRIPCIÓN FÍSICA
Extensión xi, 51 p.
Otras características físicas il. a color, 8 láminas
Dimensiones 35 cm.
500 ## - NOTA GENERAL
Nota general Incluye lista alfabética de tipos de clavel
500 ## - NOTA GENERAL
Nota general S37
650 14 - PUNTO DE ACCESO ADICIONAL DE MATERIA--TÉRMINO DE MATERIA
Término de materia o nombre geográfico como elemento de entrada Claveles
Subdivisión de forma Catálogos
9 (RLIN) 18645
650 14 - PUNTO DE ACCESO ADICIONAL DE MATERIA--TÉRMINO DE MATERIA
Término de materia o nombre geográfico como elemento de entrada Claveles
Subdivisión de forma Cuidados
9 (RLIN) 18646
700 1# - PUNTO DE ACCESO ADICIONAL--NOMBRE DE PERSONA
Nombre de persona Siwell, Sacheverell
Término indicativo de función/relación intr.
9 (RLIN) 18647
700 1# - PUNTO DE ACCESO ADICIONAL--NOMBRE DE PERSONA
Nombre de persona McEwen, Rory
Término indicativo de función/relación il.
9 (RLIN) 18648
902 ## - CATALOGADOR
Iniciales GFM
942 ## - ELEMENTOS DE PUNTO DE ACCESO ADICIONAL (KOHA)
Fuente del sistema de clasificación o colocación Library of Congress Classification
Tipo de ítem Koha Libros
Holdings
Estado de retiro Estado de pérdida Estado dañado No para préstamo Localización permanente Ubicación/localización actual Fecha de adquisición Número de inventario Total de préstamos Signatura topográfica completa Código de barras Fecha visto por última vez Precio válido a partir de Tipo de ítem Koha
El ejemplar forma parte de la colección y puede ser consultado según las políticas vigentes.       Biblioteca del Museo Franz Mayer (Rogerio Casas-Alatriste) Biblioteca del Museo Franz Mayer (Rogerio Casas-Alatriste) 06/06/2013 S37   SB413 .M67 1955 (S37) 8166 22/03/2019 22/03/2019 Libros